Cesta kolem světa : zatopený fotografický deník Jiřího Viktora Daneše /

Hlavní autor: Brandejsová Tomsová, Petra, 1989-
Další autoři: Pavlíček, Tomáš W., 1982-, Daneš, Jiří Viktor, 1880-1928
Jazyk: Čeština
Vydáno: Praha : Academia :Masarykův ústav a Archiv AV ČR, v.v.i., 2025
Vydání: Vydání první
Edice: Album (Academia : Masarykův ústav a Archiv AV ČR)
Témata:
Fyzický popis: 213 stran : ilustrace (některé barevné), portréty, faksimile ; 27 cm
Language note: Anglické resumé
Knihy
Uloženo v:
LEADER 03798cam a2200937 i 4500
001 nkc20253682334
003 CZ PrNK
005 20251204134917.0
007 ta
008 250801s2025 xr ach e 001 0bcze
015 |a cnb003682334 
020 |a 978-80-200-3653-7  |q (Academia ;  |q vázáno) 
020 |a 978-80-88611-30-1  |q (Masarykův ústav a Archiv AV ČR, v.v.i. ;  |q vázáno) 
035 |a (OCoLC)1559933245 
040 |a ABA001  |b cze  |d OLA001  |e rda 
041 0 |a cze  |b eng 
043 |a e-xr---  |b e-xr-pg  |a x------  |2 czenas 
045 |a w8x2 
072 7 |a 91  |x Geografie jako věda. Výzkum. Cestování  |2 Konspekt  |9 7 
072 7 |a 929  |x Biografie  |2 Konspekt  |9 8 
080 |a 91-051  |2 MRF 
080 |a 910.4-051  |2 MRF 
080 |a 910.4(100)  |2 MRF 
080 |a 77:069.5  |2 MRF 
080 |a 930.253:025.85  |2 MRF 
080 |a 929  |2 MRF 
080 |a 913(100)  |2 MRF 
080 |a (100)  |2 MRF 
080 |a (437.3)  |2 MRF 
080 |a (437.311)  |2 MRF 
080 |a (092)  |2 MRF 
080 |a (048.8)  |2 MRF 
080 |a (084.12)  |2 MRF 
100 1 |a Brandejsová Tomsová, Petra,  |d 1989-  |7 xx0220670  |4 aut 
245 1 0 |a Cesta kolem světa :  |b zatopený fotografický deník Jiřího Viktora Daneše /  |c Petra Brandejsová Tomsová, Tomáš W. Pavlíček 
250 |a Vydání první 
264 1 |a Praha :  |b Academia :  |b Masarykův ústav a Archiv AV ČR, v.v.i.,  |c 2025 
300 |a 213 stran :  |b ilustrace (některé barevné), portréty, faksimile ;  |c 27 cm 
336 |a text  |b txt  |2 rdacontent 
336 |a statický obraz  |b sti  |2 rdacontent 
337 |a bez média  |b n  |2 rdamedia 
338 |a svazek  |b nc  |2 rdacarrier 
490 1 |a Album 
504 |a Obsahuje bibliografii, bibliografické odkazy a rejstříky 
546 |a Anglické resumé 
600 1 7 |a Daneš, Jiří Viktor,  |d 1880-1928  |7 jk01022029  |2 czenas 
610 2 7 |a Masarykův ústav a Archiv (Akademie věd ČR)  |7 olak2007365971  |2 czenas 
648 4 |a 1920-1923 
648 4 |a 1880-1928 
648 7 |a 1921-1930  |7 ch460580  |2 czenas 
648 7 |a 19.-20. století  |7 ch757015  |2 czenas 
650 0 7 |a geografové  |7 ph120525  |z Česko  |y 19.-20. století  |2 czenas 
650 0 7 |a cestovatelé  |7 ph119109  |z Česko  |y 19.-20. století  |2 czenas 
650 0 7 |a cesty kolem světa  |7 ph119117  |y 1921-1930  |2 czenas 
650 0 7 |a fotografické sbírky  |7 ph120328  |z Česko  |2 czenas 
650 0 7 |a restaurování archivních fondů  |7 ph135823  |2 czenas 
650 0 9 |a geographers  |z Czechia  |y 19th-20th centuries  |2 eczenas 
650 0 9 |a travellers  |z Czechia  |y 19th-20th centuries  |2 eczenas 
650 0 9 |a voyages around the world  |y 1921-1930  |2 eczenas 
650 0 9 |a photograph collections  |z Czechia  |2 eczenas 
650 0 9 |a restoration of archival resources  |2 eczenas 
651 7 |a země světa  |7 ge131523  |x reálie  |2 czenas 
651 7 |a Praha (Česko)  |7 ge118011  |2 czenas 
651 9 |a countries of the world  |x description and travel  |2 eczenas 
651 9 |a Prague (Czechia)  |2 eczenas 
655 7 |a biografie  |7 fd131909  |2 czenas 
655 7 |a monografie  |7 fd132842  |2 czenas 
655 7 |a fotografické publikace  |7 fd132276  |2 czenas 
655 9 |a biography  |2 eczenas 
655 9 |a monographs  |2 eczenas 
655 9 |a photographical works  |2 eczenas 
700 1 |a Pavlíček, Tomáš W.,  |d 1982-  |7 mzk2004261013  |4 aut 
700 1 |a Daneš, Jiří Viktor,  |d 1880-1928  |7 jk01022029  |4 pht 
830 0 |a Album (Academia : Masarykův ústav a Archiv AV ČR)  |0 s 
910 2 |a BOA001  |b 3-1550.706 
928 9 |a Akademie věd České republiky, Masarykův ústav a Archiv 
990 |a BK 
995 |a 01 
991 |b 202511  |c NOV 
996 6 |b 2611017180  |c 3-1550.706  |l MZK  |r Sklad / do 1 hodiny  |n 0  |p p.v.  |w 002022388  |u 000010  |a 1  |e BOA001  |j MZK50  |s P 
996 7 |b 2611017181  |c 3-1550.706  |l Vol.výběr  |r VV 1p  |n 0  |p kup  |h 91 BRA  |w 002022388  |u 000020  |a 0  |e BOA001  |j MZK50  |s A